Meilleur Gardien de l'année - Statistiques

Statistiques générales
  • Ce quiz a été pris 147 fois
  • Le résultat moyen est 10 sur 15
Statistiques - réponses
Hint Réponse % Correct
2014 Neuer
82%
2008 Casillas
81%
2010 Casillas
81%
2012 Casillas
80%
2015 Neuer
80%
2009 Casillas
77%
2011 Casillas
77%
2013 Neuer
77%
2022 Courtois
76%
2021 Courtois
61%
2016 Buffon
60%
2017 Buffon
58%
2020 Neuer
49%
2019 Alisson
43%
2018 Ter Stegen
34%
Aucun quiz correspondant
Distribution des résultats
% des personnes avec chaque résultat
Percentile par nombre de réponses
Votre historique - résultats
Vous n’avez pas pris ce quiz